Alle Städte und Gemeinden in Nordrhein-Westfalen (NRW) - Statistiken

Allgemein
  • Dieses Quiz wurde 29.125 mal gespielt
  • Das Durchschnittsergebnis liegt bei 112 aus 396
Antworten auf der Karte
Die Antworten werden auf der Karte rot bzw. grün angezeigt, abhängig davon wie oft sie richtig erraten wurden.
 
Antwortstatistiken
Kreis Einwohner Gemeinde % Korrekt
Kreisfrei 1.087.863 Köln
92%
Kreisfrei 588.250 Dortmund
90%
Kreisfrei 621.877 Düsseldorf
90%
Städteregion Aachen 248.960 Aachen
86%
Kreisfrei 582.760 Essen
86%
Kreisfrei 498.686 Duisburg
85%
Kreisfrei 365.587 Bochum
83%
Kreisfrei 329.673 Bonn
82%
Kreisfrei 315.293 Münster
82%
Kreisfrei 334.195 Bielefeld
81%
Kreisfrei 259.645 Gelsenkirchen
81%
Paderborn 151.633 Paderborn
78%
Kreisfrei 355.100 Wuppertal
77%
Kreisfrei 163.729 Leverkusen
75%
Kreisfrei 210.764 Oberhausen
74%
Siegen-Wittgenstein 102.770 Siegen
74%
Kreisfrei 179.916 Hamm
73%
Kreisfrei 261.034 Mönchengladbach
73%
Recklinghausen 111.397 Recklinghausen
72%
Rhein-Kreis Neuss 153.896 Neuss
71%
Düren 91.216 Düren
70%
Gütersloh 100.861 Gütersloh
70%
Unna 58.936 Unna
70%
Rheinisch-Bergischer-Kreis 111.846 Bergisch Gladbach
68%
Kreisfrei 156.449 Herne
68%
Kreisfrei 227.417 Krefeld
68%
Kreisfrei 188.686 Hagen
67%
Kleve 52.388 Kleve
67%
Minden-Lübbecke 81.716 Minden
67%
Soest 47.514 Soest
66%
Kreisfrei 159.245 Solingen
66%
Kreisfrei 117.565 Bottrop
65%
Euskirchen 58.381 Euskirchen
65%
Wesel 60.230 Wesel
65%
Herford 66.638 Herford
64%
Höxter 28.808 Höxter
64%
Olpe 24.551 Olpe
64%
Borken 42.629 Borken
63%
Coesfeld 36.257 Coesfeld
63%
Mettmann 38.757 Mettmann
63%
Kreisfrei 170.632 Mülheim an der Ruhr
63%
Viersen 75.495 Viersen
63%
Heinsberg 42.236 Heinsberg
61%
Steinfurt 34.325 Steinfurt
60%
Warendorf 37.157 Warendorf
59%
Kreisfrei 111.338 Remscheid
58%
Soest 67.952 Lippstadt
57%
Wesel 103.902 Moers
54%
Recklinghausen 73.343 Castrop-Rauxel
50%
Lippe 74.254 Detmold
50%
Märkischer Kreis 92.174 Iserlohn
50%
Ennepe-Ruhr-Kreis 96.459 Witten
50%
Hochsauerlandkreis 73.456 Arnsberg
48%
Borken 71.113 Bocholt
48%
Märkischer Kreis 72.313 Lüdenscheid
48%
Steinfurt 76.218 Rheine
48%
Wesel 21.607 Xanten
48%
Recklinghausen 75.610 Gladbeck
47%
Steinfurt 37.753 Greven
47%
Mettmann 87.520 Ratingen
47%
Rhein-Sieg-Kreis 41.554 Siegburg
47%
Minden-Lübbecke 25.541 Lübbecke
45%
Recklinghausen 84.067 Marl
45%
Hochsauerlandkreis 12.638 Winterberg
45%
Oberbergischer Kreis 50.952 Gummersbach
44%
Unna 86.348 Lünen
44%
Recklinghausen 74.704 Dorsten
43%
Ennepe-Ruhr-Kreis 30.142 Ennepetal
43%
Unna 43.023 Kamen
43%
Rhein-Sieg-Kreis 74.953 Troisdorf
43%
Warendorf 52.503 Ahlen
42%
Wesel 67.373 Dinslaken
42%
Rhein-Kreis Neuss 64.340 Dormagen
42%
Mettmann 81.842 Velbert
42%
Recklinghausen 37.850 Haltern am See
41%
Rhein-Kreis Neuss 63.743 Grevenbroich
40%
Rhein-Erft-Kreis 59.731 Hürth
40%
Ennepe-Ruhr-Kreis 54.438 Hattingen
39%
Düren 32.653 Jülich
39%
Rhein-Erft-Kreis 50.010 Erftstadt
38%
Gütersloh 48.644 Rheda-Wiedenbrück
38%
Unna 46.195 Schwerte
38%
Unna 48.740 Bergkamen
37%
Rhein-Erft-Kreis 44.126 Brühl
37%
Recklinghausen 31.421 Oer-Erkenschwick
37%
Minden-Lübbecke 48.604 Bad Oeynhausen
36%
Rhein-Erft-Kreis 61.601 Bergheim
36%
Hochsauerlandkreis 25.451 Brilon
36%
Rhein-Erft-Kreis 66.702 Kerpen
36%
Minden-Lübbecke 35.631 Porta Westfalica
36%
Coesfeld 46.657 Dülmen
35%
Rhein-Erft-Kreis 52.439 Frechen
35%
Mettmann 30.406 Haan
35%
Mettmann 55.625 Hilden
35%
Rhein-Kreis Neuss 56.415 Meerbusch
35%
Gütersloh 25.318 Verl
35%
Städteregion Aachen 56.482 Eschweiler
34%
Recklinghausen 61.821 Herten
34%
Rhein-Sieg-Kreis 41.277 Königswinter
34%
Mettmann 59.178 Langenfeld (Rheinland)
34%
Märkischer Kreis 52.608 Menden (Sauerland)
34%
Recklinghausen 34.596 Datteln
33%
Kleve 30.961 Emmerich am Rhein
33%
Heinsberg 43.206 Erkelenz
33%
Rhein-Sieg-Kreis 47.290 Hennef (Sieg)
33%
Steinfurt 51.822 Ibbenbüren
33%
Lippe 40.619 Lemgo
33%
Mettmann 40.948 Monheim am Rhein
33%
Rhein-Sieg-Kreis 25.812 Bad Honnef
32%
Heinsberg 27.470 Geilenkirchen
32%
Soest 30.767 Werl
32%
Ennepe-Ruhr-Kreis 27.392 Wetter (Ruhr)
32%
Borken 39.381 Ahaus
31%
Gütersloh 21.577 Halle (Westfalen)
31%
Wesel 37.596 Kamp-Lintfort
31%
Hochsauerlandkreis 29.786 Meschede
31%
Ennepe-Ruhr-Kreis 28.537 Schwelm
31%
Rhein-Sieg-Kreis 55.847 St. Augustin
31%
Lippe 54.254 Bad Salzuflen
30%
Warendorf 36.815 Beckum
30%
Mettmann 43.992 Erkrath
30%
Borken 48.321 Gronau (Westfalen)
30%
Rhein-Kreis Neuss 43.493 Kaarst
30%
Städteregion Aachen 11.693 Monschau
30%
Rhein-Erft-Kreis 54.194 Pulheim
30%
Städteregion Aachen 56.466 Stolberg
30%
Kleve 33.730 Geldern
29%
Kleve 28.087 Kevelaer
29%
Warendorf 29.238 Oelde
29%
Soest 24.643 Warstein
29%
Unna 29.717 Werne
29%
Städteregion Aachen 38.756 Würselen
29%
Ennepe-Ruhr-Kreis 22.755 Herdecke
28%
Kleve 10.786 Weeze
28%
Ennepe-Ruhr-Kreis 30.701 Gevelsberg
27%
Kleve 34.205 Goch
27%
Unna 17.076 Holzwickede
27%
Rheinisch-Bergischer-Kreis 27.100 Overath
27%
Wesel 30.854 Rheinberg
27%
Coesfeld 20.409 Senden
27%
Ennepe-Ruhr-Kreis 24.739 Sprockhövel
27%
Recklinghausen 29.328 Waltrop
27%
Märkischer Kreis 16.718 Altena
26%
Euskirchen 17.440 Bad Münstereifel
26%
Kleve 12.955 Bedburg-Hau
26%
Viersen 34.694 Kempen
26%
Rhein-Kreis Neuss 33.251 Korschenbroich
26%
Steinfurt 14.095 Lotte
26%
Wesel 27.187 Neukirchen-Vluyn
26%
Siegen-Wittgenstein 13.165 Neunkirchen
26%
Rhein-Sieg-Kreis 19.679 Neunkirchen-Seelscheid
26%
Höxter 23.076 Warburg
26%
Rheinisch-Bergischer-Kreis 34.719 Wermelskirchen
26%
Steinfurt 36.029 Emsdetten
25%
Wesel 26.858 Hamminkeln
25%
Mettmann 26.345 Heiligenhaus
25%
Rhein-Kreis Neuss 23.294 Jüchen
25%
Viersen 42.119 Nettetal
25%
Rheinisch-Bergischer-Kreis 28.631 Rösrath
25%
Unna 25.925 Selm
25%
Hochsauerlandkreis 27.725 Sundern (Sauerland)
25%
Viersen 50.798 Willich
25%
Siegen-Wittgenstein 18.914 Bad Berleburg
24%
Paderborn 16.237 Bad Lippspringe
24%
Rhein-Erft-Kreis 23.658 Bedburg
24%
Unna 20.760 Fröndenberg/Ruhr
24%
Städteregion Aachen 46.375 Herzogenrath
24%
Euskirchen 11.191 Kall
24%
Herford 39.915 Löhne
24%
Coesfeld 24.822 Lüdinghausen
24%
Märkischer Kreis 20.367 Meinerzhagen
24%
Warendorf 19.911 Telgte
24%
Wesel 36.017 Voerde (Niederrhein)
24%
Rhein-Erft-Kreis 36.347 Wesseling
24%
Mettmann 20.957 Wülfrath
24%
Euskirchen 20.332 Zülpich
24%
Städteregion Aachen 47.149 Alsdorf
23%
Olpe 24.264 Attendorn
23%
Höxter 18.959 Bad Driburg
23%
Rheinisch-Bergischer-Kreis 18.346 Burscheid
23%
Wesel 13.598 Hünxe
23%
Rheinisch-Bergischer-Kreis 28.000 Leichlingen (Rheinland)
23%
Olpe 25.308 Lennestadt
23%
Märkischer Kreis 25.237 Plettenberg
23%
Oberbergischer Kreis 21.919 Radevormwald
23%
Hochsauerlandkreis 24.852 Schmallenberg
23%
Soest 12.682 Wickede (Ruhr)
23%
Wesel 12.479 Alpen
22%
Unna 18.171 Bönen
22%
Rhein-Sieg-Kreis 48.312 Bornheim
22%
Herford 45.187 Bünde
22%
Märkischer Kreis 34.062 Hemer
22%
Siegen-Wittgenstein 31.122 Kreuztal
22%
Hochsauerlandkreis 19.540 Marsberg
22%
Rhein-Sieg-Kreis 38.667 Niederkassel
22%
Rhein-Sieg-Kreis 26.986 Rheinbach
22%
Gütersloh 26.872 Schloß Holte-Stukenbrock
22%
Heinsberg 28.169 Wegberg
22%
Oberbergischer Kreis 20.963 Wipperfürth
22%
Warendorf 15.556 Drensteinfurt
21%
Kleve 13.884 Kalkar
21%
Steinfurt 22.660 Lengerich
21%
Rhein-Sieg-Kreis 30.453 Lohmar
21%
Soest 11.722 Möhnesee
21%
Coesfeld 19.619 Nottuln
21%
Minden-Lübbecke 25.119 Petershagen
21%
Rhein-Kreis Neuss 13.298 Rommerskirchen
21%
Kleve 16.257 Straelen
21%
Steinfurt 9.070 Tecklenburg
21%
Viersen 29.124 Tönisvorst
21%
Borken 22.670 Vreden
21%
Paderborn 21.515 Büren
20%
Paderborn 31.989 Delbrück
20%
Olpe 16.955 Finnentrop
20%
Heinsberg 40.245 Hückelhoven
20%
Lippe 34.858 Lage
20%
Euskirchen 27.714 Mechernich
20%
Steinfurt 11.376 Recke
20%
Borken 19.299 Rhede
20%
Herford 18.380 Vlotho
20%
Coesfeld 15.494 Ascheberg
19%
Soest 12.065 Bad Sassendorf
19%
Höxter 16.137 Brakel
19%
Oberbergischer Kreis 19.298 Engelskirchen
19%
Soest 16.065 Erwitte
19%
Siegen-Wittgenstein 17.711 Freudenberg
19%
Gütersloh 25.163 Harsewinkel
19%
Oberbergischer Kreis 21.315 Lindlar
19%
Soest 11.894 Lippetal
19%
Steinfurt 13.887 Neuenkirchen
19%
Steinfurt 19.662 Ochtrup
19%
Kleve 21.100 Rees
19%
Städteregion Aachen 8.648 Roetgen
19%
Heinsberg 10.137 Selfkant
19%
Städteregion Aachen 15.404 Simmerath
19%
Borken 20.283 Stadtlohn
19%
Rhein-Sieg-Kreis 23.563 Alfter
18%
Paderborn 9.113 Altenbeken
18%
Soest 10.238 Anröchte
18%
Städteregion Aachen 27.093 Baesweiler
18%
Hochsauerlandkreis 10.623 Bestwig
18%
Coesfeld 11.597 Billerbeck
18%
Ennepe-Ruhr-Kreis 8.943 Breckerfeld
18%
Soest 21.422 Geseke
18%
Coesfeld 11.943 Havixbeck
18%
Oberbergischer Kreis 14.958 Hückeswagen
18%
Rheinisch-Bergischer-Kreis 19.662 Kürten
18%
Rhein-Sieg-Kreis 24.817 Meckenheim
18%
Coesfeld 10.111 Nordkirchen
18%
Rheinisch-Bergischer-Kreis 14.967 Odenthal
18%
Coesfeld 12.923 Olfen
18%
Herford 9.758 Rödinghausen
18%
Paderborn 24.956 Salzkotten
18%
Wesel 13.602 Schermbeck
18%
Heinsberg 24.044 Übach-Palenberg
18%
Oberbergischer Kreis 25.161 Wiehl
18%
Siegen-Wittgenstein 13.504 Bad Laasphe
17%
Rhein-Sieg-Kreis 18.749 Eitorf
17%
Viersen 14.707 Grefrath
17%
Märkischer Kreis 16.083 Halver
17%
Lippe 17.263 Horn-Bad Meinberg
17%
Rhein-Sieg-Kreis 14.412 Much
17%
Hochsauerlandkreis 14.430 Olsberg
17%
Warendorf 11.007 Ostbevern
17%
Gütersloh 29.545 Rietberg
17%
Warendorf 13.193 Sendenhorst
17%
Wesel 8.673 Sonsbeck
17%
Gütersloh 21.603 Versmold
17%
Märkischer Kreis 17.657 Werdohl
17%
Märkischer Kreis 11.201 Balve
16%
Höxter 13.103 Beverungen
16%
Minden-Lübbecke 24.782 Espelkamp
16%
Heinsberg 12.576 Gangelt
16%
Borken 17.254 Gescher
16%
Gütersloh 16.004 Herzebrock-Clarholz
16%
Borken 10.636 Isselburg
16%
Kleve 11.977 Issum
16%
Kleve 12.548 Kerken
16%
Kleve 10.719 Kranenburg
16%
Düren 9.885 Merzenich
16%
Siegen-Wittgenstein 23.081 Netphen
16%
Märkischer Kreis 10.294 Schalksmühle
16%
Euskirchen 13.128 Schleiden
16%
Gütersloh 20.614 Steinhagen
16%
Borken 9.262 Südlohn
16%
Rhein-Sieg-Kreis 18.749 Swisttal
16%
Oberbergischer Kreis 19.553 Waldbröl
16%
Euskirchen 17.633 Weilerswist
16%
Soest 11.833 Welver
16%
Paderborn 12.152 Bad Wünnenberg
15%
Oberbergischer Kreis 18.677 Bergneustadt
15%
Euskirchen 8.268 Blankenheim
15%
Olpe 11.783 Drolshagen
15%
Rhein-Erft-Kreis 21.807 Elsdorf
15%
Warendorf 19.810 Ennigerloh
15%
Siegen-Wittgenstein 6.934 Erndtebrück
15%
Hochsauerlandkreis 8.811 Eslohe (Sauerland)
15%
Minden-Lübbecke 15.374 Hille
15%
Düren 7.397 Inden
15%
Märkischer Kreis 16.119 Kierspe
15%
Steinfurt 6.688 Ladbergen
15%
Gütersloh 8.619 Langenberg
15%
Düren 14.028 Langerwehe
15%
Oberbergischer Kreis 13.522 Marienheide
15%
Hochsauerlandkreis 8.000 Medebach
15%
Minden-Lübbecke 12.188 Preußisch Oldendorf
15%
Minden-Lübbecke 15.402 Rahden
15%
Höxter 12.528 Steinheim
15%
Düren 8.455 Titz
15%
Kleve 8.129 Wachtendonk
15%
Heinsberg 18.630 Wassenberg
15%
Olpe 19.609 Wenden
15%
Gütersloh 11.150 Werther (Westfalen)
15%
Höxter 8.111 Willebadessen
15%
Rhein-Sieg-Kreis 18.730 Windeck
15%
Düren 13.787 Aldenhoven
14%
Steinfurt 10.327 Altenberge
14%
Lippe 15.115 Blomberg
14%
Viersen 15.486 Brüggen
14%
Siegen-Wittgenstein 14.856 Burbach
14%
Herford 20.490 Enger
14%
Soest 12.162 Ense
14%
Warendorf 9.678 Everswinkel
14%
Lippe 11.069 Extertal
14%
Borken 8.218 Heiden
14%
Steinfurt 20.344 Hörstel
14%
Olpe 11.485 Kirchhundem
14%
Steinfurt 6.744 Laer
14%
Steinfurt 11.828 Mettingen
14%
Viersen 15.057 Niederkrüchten
14%
Düren 10.572 Nörvenich
14%
Lippe 17.142 Oerlinghausen
14%
Borken 11.431 Raesfeld
14%
Borken 14.888 Reken
14%
Warendorf 14.193 Sassenberg
14%
Viersen 18.896 Schwalmtal
14%
Kleve 8.224 Uedem
14%
Rhein-Sieg-Kreis 20.485 Wachtberg
14%
Lippe 10.032 Augustdorf
13%
Gütersloh 8.968 Borgholzhausen
13%
Euskirchen 4.215 Dahlem
13%
Hochsauerlandkreis 4.465 Hallenberg
13%
Düren 4.328 Heimbach
13%
Euskirchen 7.863 Hellenthal
13%
Paderborn 16.281 Hövelhof
13%
Lippe 13.471 Kalletal
13%
Lippe 16.263 Leopoldshöhe
13%
Steinfurt 8.604 Lienen
13%
Düren 12.652 Linnich
13%
Lippe 9.390 Lügde
13%
Märkischer Kreis 6.546 Nachrodt-Wiblingwerde
13%
Euskirchen 7.491 Nettersheim
13%
Märkischer Kreis 11.889 Neuenrade
13%
Düren 10.001 Nideggen
13%
Oberbergischer Kreis 17.001 Nümbrecht
13%
Oberbergischer Kreis 18.600 Reichshof
13%
Coesfeld 10.754 Rosendahl
13%
Rhein-Sieg-Kreis 10.420 Ruppichteroth
13%
Soest 10.826 Rüthen
13%
Steinfurt 7.091 Saerbeck
13%
Lippe 9.259 Schlangen
13%
Herford 14.482 Spenge
13%
Borken 13.107 Velen
13%
Heinsberg 8.842 Waldfeucht
13%
Steinfurt 11.241 Westerkappeln
13%
Warendorf 6.125 Beelen
12%
Paderborn 13.393 Borchen
12%
Höxter 8.543 Borgentreich
12%
Borken 8.653 Heek
12%
Märkischer Kreis 6.954 Herscheid
12%
Siegen-Wittgenstein 14.801 Hilchenbach
12%
Steinfurt 7.650 Hopsten
12%
Steinfurt 6.545 Horstmar
12%
Düren 8.700 Hürtgenwald
12%
Herford 16.023 Kirchlengern
12%
Düren 17.444 Kreuzau
12%
Borken 7.326 Legden
12%
Paderborn 10.570 Lichtenau
12%
Höxter 4.902 Marienmünster
12%
Oberbergischer Kreis 10.138 Morsbach
12%
Düren 14.113 Niederzier
12%
Höxter 6.084 Nieheim
12%
Steinfurt 9.640 Nordwalde
12%
Kleve 6.515 Rheurdt
12%
Borken 6.868 Schöppingen
12%
Düren 9.397 Vettweiß
12%
Warendorf 12.654 Wadersloh
12%
Steinfurt 8.261 Wettringen
12%
Lippe 8.501 Barntrup
11%
Herford 19.705 Hiddenhausen
11%
Steinfurt 6.360 Metelen
11%
Lippe 8.344 Schieder-Schwalenberg
11%
Minden-Lübbecke 13.020 Stemwede
11%
Siegen-Wittgenstein 20.086 Wilnsdorf
11%
Lippe 7.680 Dörentrup
10%
Minden-Lübbecke 13.032 Hüllhorst
10%
Keine übereinstimmenden Quizze gefunden
Verteilung der Resultate
Anzahl Personen mit jedem Resultat
Perzentil nach korrekt beantworteten Fragen
Ihre Resultats-Entwicklung
Sie haben dieses Quiz noch nicht gespielt